| 000 | 00631nam a2200229 a 4500 | ||
|---|---|---|---|
| 001 | BRCA_1995 | ||
| 005 | 20190320203629.0 | ||
| 008 | 120608s1869----fr-a######---#000-0#fre-# | ||
| 041 | _afre | ||
| 044 | _afr | ||
| 050 | 4 |
_aPQ1885 _b.A1 _c1869 |
|
| 245 | 1 | 0 |
_aTheatre complet de J. Racine _bprecede de la vie de l´auteur. |
| 260 |
_aParís _bLaplace, Sánchez et Cie _c1869 |
||
| 300 |
_a625 p. _bil. a color _c18 cm. |
||
| 500 | _aCon una nota firmada | ||
| 500 | _aEdición con cantos dorados | ||
| 500 | _aI12 | ||
| 650 | 1 | 4 |
_aLiteratura francesa _96119 |
| 650 | 1 | 4 |
_aTeatro francés _96120 |
| 902 | _aGFM | ||
| 942 |
_2lcc _cB |
||
| 999 |
_c1762 _d1762 |
||